000 00791nam a2200241 a 4500
001 62257
003 BD-RjUL
005 20211209081048.0
008 170123s1989 ii bf 000 0 eng
020 _a9788130913889
035 _a(BD-RjUL) 62383
040 _aDLC
_cDLC
_dBD-RjUL
_beng
041 _aeng
082 0 0 _a808.0666
_223
_bYOT 2009
100 1 _aYoung, Matt,
_d1941-
_9185182
245 1 4 _aThe technical writer's handbook :
_bwriting with style and clarity /
_cMatt Young.
260 _aMill Valley, Calif. :
_bUniversity Science Books,
_cc2004 [reprinted 2009]
300 _axi, 232 p. ;
_c22 cm.
504 _aIncludes bibliographical references (p. 231-232).
650 0 _aTechnical writing
_xHandbooks, manuals, etc.
_9185183
942 _2ddc
_cBK
999 _c62257
_d62257